FC Bayern München Kader 25/26 - Statistiken

Allgemein
  • Dieses Quiz wurde 1.680 mal gespielt
    1.559 seit der letzten Aktualisierung
  • Das Durchschnittsergebnis liegt bei 21 aus 25
Antwortstatistiken
Trikotnummer Position Spieler % Korrekt
1 TW Manuel Neuer
100%
9 ST Harry Kane
98%
6 ZDM Joshua Kimmich
98%
3 IV Min-jae Kim
98%
10 ZOM Jamal Musiala
96%
2 IV Dayot Upamecano
94%
17 RF Michael Olise
94%
7 LF Serge Gnabry
93%
4 IV Jonathan Tah
92%
8 ZM Leon Goretzka
92%
14 LF Luis Díaz
92%
42 ZOM Lennart Karl
91%
19 LV Alphonso Davies
89%
40 TW Jonas Urbig
89%
27 RV Konrad Laimer
86%
11 ST Nicolas Jackson
86%
26 TW Sven Ulreich
85%
45 ZDM Aleksandar Pavlovic
82%
44 RV Josip Stanisic
82%
20 ZM Tom Bischof
75%
21 IV Hiroki Ito
72%
22 LV Raphaël Guerreiro
67%
23 RV Sacha Boey
65%
36 LF Wisdom Mike
52%
48 TW Leon Klanac
29%
Keine übereinstimmenden Quizze gefunden
Verteilung der Resultate
Anzahl Personen mit jedem Resultat
Perzentil nach korrekt beantworteten Fragen
Ihre Resultats-Entwicklung
Sie haben dieses Quiz seit der letzten Aktualisierung nicht gespielt